The right channel (Record no. 71247)

MARC details
000 -LEADER
fixed length control field 00741cam a2200181 4500
001 - CONTROL NUMBER
control field ABS65957
008 - FIXED-LENGTH DATA ELEMENTS--GENERAL INFORMATION
fixed length control field 020927n2002 000 0 eng u
035 ## - SYSTEM CONTROL NUMBER
System control number (Sirsi) u119877
100 ## - MAIN ENTRY--PERSONAL NAME
Personal name Kershaw, N
245 #4 - TITLE STATEMENT
Title The right channel
260 ## - PUBLICATION, DISTRIBUTION, ETC.
Date of publication, distribution, etc. 2002
490 ## - SERIES STATEMENT
Series statement Property Week
Volume/sequential designation 67(30) 2 August 2002, 27-28(2)
520 ## - SUMMARY, ETC.
Summary, etc. Looks at how the taxman can be prevented from taking a large part of the income from property investments, as people switch from poor-performing equities. Highlights limited partnerships, unit trusts, limited companies, and tax mitigation. Particularly examines the situation regarding Jersey and offshore structures.
590 ## - LOCAL NOTE (RLIN)
Local note ABS
650 ## - SUBJECT ADDED ENTRY--TOPICAL TERM
Topical term or geographic name entry element OFFSHORE INVESTMENTS
690 ## - LOCAL SUBJECT ADDED ENTRY--TOPICAL TERM (OCLC, RLIN)
Topical term or geographic name as entry element INVESTMENT
942 ## - ADDED ENTRY ELEMENTS (KOHA)
Suppress in OPAC 0
Holdings
Withdrawn status Lost status Source of classification or shelving scheme Damaged status Not for loan Home library Current library Shelving location Date acquired Total Checkouts Full call number Barcode Date last seen Copy number Price effective from Koha item type
    Dewey Decimal Classification     London London Journal article 27/09/2002   ABS65957 119877-1001 06/08/2019 1 06/08/2019 Journal article